[Event "E Grand Prix"]
[Site "Riga"]
[Date "2019.07.24"]
[Round "35.1"]
[White "Mamedyarov, Shakhriyar"]
[Black "Vachier Lagrave, Maxime"]
[Result "0-1"]
[WhiteElo "2765"]
[BlackElo "2775"]
[EventDate "2019.??.??"]
[Annotator "Bojkov,Dejan"]
[PlyCount "146"]
[Beauty "5635668182534"]
[EventType "team-tourn"]
[EventCountry "LAT"]

1.d4 e6 2.c4 b6 3.Nf3 Bb7 4.Nc3 Nf6 5.a3 g6 {In a must-win situation Vachier-Lagrave makes an original opening choice.} 6.d5 ( {It is worth mentioning that Mamedyrov has played some excellent games as Black in this line, such as:} 6.Qc2 Bg7 7.e4 O-O 8.Be2 d5 9.cxd5 exd5 10.e5 Ne4 11.Be3 Nd7 12.Rd1 c5 {Dreev,A (2670) -Mamedyarov,S (2817) chess.com INT 2019} ) 6...exd5 7.cxd5 Bg7 8.g3 O-O 9.Bg2 Re8 ( {Black can also undermine the center at once with:} 9...c6 10.O-O cxd5 11.Bg5 Na6 12.Rc1 Nc7 13.Qd2 Ne6 14.Bh6 Bxh6 15.Qxh6 Rc8 {as in Georgiev,K (2636)-Vallejo Pons,F (2706) Khanty-Mansiysk 2013} ) 10.O-O Na6 11.Bf4 $146 ( {In a predecessor Black managed to execute a famous exchange sacrifice after:} 11.Nd4 Nc5 12.Bf4 Nh5 13.Be3 Rxe3 14.fxe3 Qg5 {Paterek,M (2313)-Tkachiev,V (2629) London 2014} ) 11...c6 12.dxc6 dxc6 13.Qxd8 Raxd8 {Black equalizes easily, and thanks to his queenside majority he enjoys a slight pull.} 14.Rfd1 $6 {This, however, is a serious inaccuracy.} ( {The other rook should have gone here:} 14.Rad1 ) 14...Nd5 $1 {An offer to self-isolate a pawn is rare in the middlegame, but here Vachier-Lagrave spotted a concrete problem for White.} 15.Nxd5 cxd5 16.Nd4 Nc5 $1 {That is it. One of the white pawns will be lost anyway, and Black will not allow any compensation.} ( {For example, White has compensation after:} 16...Bxd4 17.Rxd4 Rxe2 18.b4 {thanks to his bishop pair and the poor black knight.} ) 17.Be3 ( {Or} 17.Rab1 Bxd4 18.Rxd4 Rxe2 {White does not have enough for the pawn.} ) 17...Bxd4 18.Bxd4 Nb3 19.Rab1 Nxd4 20.Rxd4 Rxe2 {Vachier-Lagrave wins a pawn, but the win is not yet in sight. If White manages to swap the queenside pawns, he would be able to hold.} 21.Bf3 Rc2 22.Be4 Rc5 23.Rbd1 Kg7 24.R4d3 ( {Perhaps it made sense to force the following endgame:} 24.b4 Rc3 25.a4 Ra3 26.Bxd5 Rxd5 27.Rxd5 Bxd5 28.Rxd5 Rxa4 29.b5 ( {Or} 29.Rd7 Rxb4 ) 29...Ra5 30.Rd7 Rxb5 31.Rxa7 {As explained in many endgame textbooks, the defender should be able to defend with accurate play. However, there is a catch. The stronger side usually poses so many practical problems that he often wins anyway.} ) 24...a5 {Sooner or later a crisis will happen in the center, and some pawns will disappear. For the time being both sides try to improve their situations.} 25.Rd4 Bc6 26.b4 Rc3 27.Bxd5 Ba4 ( {After} 27...Bxd5 28.Rxd5 Rxd5 29.Rxd5 Rxa3 30.bxa5 bxa5 31.Kg2 {A similar endgame as above is reached but with an a-pawn. This is somewhat better for the defender because the black king needs an extra move to help the passer.} ) 28.R1d2 Rxa3 29.bxa5 bxa5 30.h4 {All the white pawns are properly placed.} 30...Bb5 31.Rb2 Bc6 32.Rbd2 Ra4 33.Rxa4 ( {Not:} 33.R4d3 Bb5 34.Re3 ( 34.Rf3 Bc4 ) 34...Bc4 35.Re5 f6 {and Black wins.} ) 33...Bxa4 34.Ra2 Bb5 35.Bb3 Ra8 {Vachier-Lagrave managed to place his rook ideally behind the pawn and is now ready for the rook endgame.} 36.Ba4 Bxa4 ( {Black could have also played for the win with the bishops on:} 36...Bc4 37.Ra3 Kf6 ) 37.Rxa4 Kf6 {With reversed colors we have almost a perfect copy of the final game in the 1927 world championship between Alekhine and Capablanca. Alekhine went on to win this game and became the fourth world champion.} 38.Kf1 Ke6 {Black's plan is clear: the king needs to help the rook.} 39.Ke2 Kd5 40.Kd3 Ra7 41.g4 Kc5 42.Kc3 Kb5 43.Re4 {In turn, White needs to block the passed pawn with his weaker piece, the king, thus leaving the stronger one for the defense of the kingside.} 43...a4 44.Re5+ Kc6 45.Kb2 a3+ 46.Ka2 {Job done. The question is, can the rook hold the flank on its own?} 46...Kd6 47.Re4 Kd5 48.f3 Rc7 49.Re3 Ra7 50.Re4 f5 {But this seems a mistake.} ( {Vachier-Lagrave could have prepared himself better on the kingside with} 50...h5 $1 {and then he can bring the king closer to the white pawns:} 51.Rb4 ( {Or} 51.gxh5 gxh5 52.Rf4 Ke5 53.Re4+ Kf5 54.Rb4 Ra5 55.Rd4 Re5 56.Kxa3 Re3+ 57.Kb2 Rxf3 ) 51...hxg4 52.Rxg4 Ke5 {This should be a win for Black.} ) 51.Re8 Kd4 52.gxf5 gxf5 53.f4 Ra6 54.Re5 Rh6 {Now too many pawns are traded.} 55.Rxf5 Rxh4 56.Kxa3 {According to tablebases, this is a draw.} 56...Ke4 57.Rf7 ( {For practical reasons,} 57.Rb5 {seems better, for example:} 57...Kxf4 ( {Or} 57...Rxf4 58.Rh5 Rf7 59.Kb3 Kf4 60.Rh1 Kg3 61.Kc4 {and a draw is inevitable.} ) 58.Rb4+ Kg3 59.Rb3+ {Torturing the black king that has no shelter.} ) 57...h5 58.f5 Rf4 59.f6 $1 ( {The natural} 59.Kb3 {loses after} 59...Rxf5 60.Rh7 Rc5 $1 61.Kb4 Kd4 ) 59...Kf5 60.Kb3 Kg6 61.Ra7 $2 {So far Mamedyarov has defended perfectly, and only here does he commit the decisive mistake.} ( {He should have secured the d-file for his king with:} 61.Rd7 $1 Rxf6 62.Kc3 {Once that the white king lands on d2, Black can no longer use the winning plan he had in the game.} ) ( {According to the tablebases, even a preliminary check of} 61.Rg7+ Kxf6 {followed by} 62.Rd7 $1 {is sufficient for a draw.} ) 61...Rxf6 62.Kc3 Rd6 $1 {The key move. The white king is cut off far enough from the pawn. Next Vachier-Lagrave pushes it all the way to the second rank.} 63.Ra8 h4 64.Rg8+ Kf5 65.Rh8 Kg4 66.Rg8+ Kf3 67.Rh8 Kg3 68.Rg8+ Kh2 69.Rg4 h3 70.Rg8 Kh1 71.Rg7 h2 72.Rg8 {Now it's easy to release the king.} ( {Instead:} 72.Kc2 {would be more resilient and would have forced Black to demonstrate the win with:} 72...Rf6 73.Kd2 Rf1 74.Ke3 ( {Or} 74.Ke2 Rg1 75.Rf7 Kg2 76.Rg7+ Kh3 77.Rh7+ Kg3 ) 74...Rg1 75.Rh7 Kg2 76.Rg7+ Kf1 77.Rf7+ Ke1 78.Ra7 Rg3+ 79.Kf4 Rf3+ $1 {and wins.} ) 72...Rd1 73.Kc2 Rg1 0-1

[Event "Riga Grandprix"]
[Site "Riga"]
[Date "2019.07.15"]
[Round "10.4"]
[White "Topalov, Veselin"]
[Black "Vachier Lagrave, Maxime"]
[Result "0-1"]
[WhiteElo "2740"]
[BlackElo "2775"]
[EventDate "2019.??.??"]
[Annotator "Bojkov,Dejan"]
[PlyCount "114"]
[Beauty "6533719005735"]
[EventCountry "LAT"]
[WhiteTeam "Bulgaria"]
[BlackTeam "France"]
[WhiteTeamCountry "BUL"]
[BlackTeamCountry "FRA"]

1.e4 c5 2.Nf3 d6 3.d4 cxd4 4.Nxd4 Nf6 5.Nc3 a6 6.f3 e6 7.Be3 {An interesting fact. The Najdorf was Topalov's bread and butter on the road of the world championship title before switching to more quite lines, whereas Vachier-Lagrave constantly uses the sharp Sicilian.} 7...b5 8.Qd2 Nbd7 9.g4 b4 10.Nce2 ( {Instead:} 10.Nd1 h6 11.c4 bxc3 12.Nxc3 Bb7 {Was already comfortable for Black and the complications that White initiated:} 13.h4 $6 d5 14.Rg1 dxe4 15.g5 hxg5 16.hxg5 Nd5 17.g6 Nxe3 18.gxf7+ Kxf7 19.Qxe3 Qh4+ {led him nowhere, Aronian,L (2767)-Grischuk,A (2766) Saint Louis 2018} ) 10...h6 11.Nf4 $1 {With this strange-looking move Topalov clearly indicates his intentions. What else can the knight do on f4, if not sacrifice itself on e6?!} 11...Bb7 $5 {Tempting the queen to snatch a free pawn, with a tempo.} ( {After:} 11...e5 $2 {The knight will land close to the black king regardless if it wins a pawn or not:} 12.Nde6 fxe6 13.Nxe6 Qa5 14.Nxf8 Rxf8 15.Qxd6 {with strong attack for White.} ) 12.Qxb4 {In the brief after-game interview Topalov said he studied the position before and believed it to be promsing for him, but could not remember the correct way.} ( {Black was clearly not afraid of the most logical continuation:} 12.Nfxe6 fxe6 13.Nxe6 Qa5 14.Nxf8 ( 14.Bf4 $5 ) ( 14.Rd1 $5 ) 14...Rxf8 15.Qxd6 O-O-O {"should be at least some sort of fight" (MVL)} ) 12...Qc8 $146 {Besides the fork threat e6-e5 Black wants to strike in the center with d6-d5. The b4 pawn was not sacrificed in vain.} ( {An email predecessor saw:} 12...Rb8 13.Nfxe6 fxe6 14.Nxe6 Qe7 15.Nc7+ Kf7 16.O-O-O Bxe4 17.Qa5 Bxf3 18.Bc4+ d5 19.Nxd5 Nxd5 20.Bxd5+ Kg6 21.Qxa6+ {and eventually the game was drawn in Pegg,R (2467)-Vasilev,V (2320) ICCF email 2012} ) 13.Qd2 {Probably not he best square for the queen. There are many options for both sides.} ( 13.Qa5 $5 {is one of them.} ) ( {Perhaps the best one is:} 13.O-O-O {To whcih Black intended:} 13...d5 ( {Rather than:} 13...e5 $6 14.Nf5 exf4 15.Bxf4 {which seems great for White.} ) 14.Qa5 Bc5 {with compensation for a pawn thank to his active pieces.} ( {But not:} 14...dxe4 15.Ndxe6 fxe6 16.Nxe6 {when White is again having a nice attacking position.} ) ) 13...e5 14.Nf5 exf4 15.Bxf4 Ne5 16.Be2 Qc7 17.O-O-O O-O-O {The forced sequence of moves is over. White practically sacrificed a pawn, but enoys the better pawn structure and the more active pieces in return.} 18.Kb1 g6 19.Ne3 Be7 20.c4 ( 20.h4 $5 {to prevent the future Be7-g5 ideas deserved attention.} ) 20...Kb8 21.Rc1 {Forced according to Vachier-Lagrave.} ( {Instead:} 21.Nd5 Nxd5 22.cxd5 Bg5 23.Bxg5 hxg5 24.Qxg5 Rc8 25.Rc1 Qb6 {Leads to a position where:"I don't think there is enough compensation for the piece." (MVL) Mainly because:} 26.f4 $2 {fails to:} 26...Qe3 $1 ( 26...Rxc1+ $1 27.Rxc1 Rxh2 {is not bad neither.} ) ) ( 21.Ka1 {to avoid Black's next idea was suggested by the official tournament commentators. Although Black also seems more than fine after:} 21...g5 22.Bg3 h5 ) 21...Nxe4 $1 {The trades should favor Black who receives more squares for his rooks. Furtheron MVL was afraid of the possible queenside expansion.} 22.fxe4 Bxe4+ 23.Ka1 Bxh1 24.Rxh1 Bg5 {If it was not for this move Black's whole idea would be plain wrong and White would have launched huge attack on the diagonals.} 25.Nd5 ( 25.Bg3 $2 Qc5 $1 ) 25...Bxf4 ( {The French GM was afraid of the initiative White could build after:} 25...Qc5 26.b4 Qf2 27.Bxg5 hxg5 28.Rf1 Qa7 {(MVL)} ( 28...Nxc4 $2 29.Qd3 ) ( 28...Qxh2 $2 29.Qd4 {although this is not quite clear after} 29...Nd7 ) 29.b5 $5 ( 29.c5 $5 ) ) 26.Qxf4 Qa7 27.Rc1 {Technically speaking Black increased his material advantage but now White's compensation is even more obvious- the black king does not have enough bodyguards.} ( 27.Rd1 $5 ) 27...Rhe8 28.a3 ( {After:} 28.Qxh6 Qf2 29.Qd2 Nc6 $1 {is good for Black.} ) 28...Nc6 {"A sign that (my position) is not so great. "(MVL)} 29.Bf3 g5 30.Qg3 $6 {Topalov misses a good chance.} ( 30.Qd2 $1 {"I thought this was very dangerous." (MVL)} 30...Qd4 ( {Or} 30...Qc5 31.Rc3 {shifting teh rook along the third rank for the attack.} ) 31.Qc2 $1 {Indeed, the black king is very exposed.} ) 30...Qc5 31.Bh1 Re2 32.Nc3 ( {Here:} 32.Nb4 $1 {was strong. Without the knight White would have powerful attack along the major diagonal after:} 32...Nxb4 33.Qf3 Nc2+ 34.Rxc2 Re1+ 35.Ka2 ) 32...Re3 33.Qg2 Rc8 {Now Black consolidates.} 34.Nd5 Rb3 $1 {And finds an anamiznge defensive maneuver!} 35.Ka2 Rb7 36.b3 a5 ( {MVL did not want to give the b4 pawna chance to move forward:} 36...Ka7 37.b4 ) 37.Nc3 Qe3 38.Rc2 ( 38.Qb2 $5 ) 38...Qd3 {The black queen is too strong and Topalov decided to trade it:} 39.Qd2 Qxd2 40.Rxd2 Re7 $1 {Another excellent decision. Black was happy to trade the queens and he will be even happier to trade the last major piece by his opponent.} 41.Rxd6 {"At least a practical mistake." (MVL)} ( {Instead:} 41.Be4 {is bad due to:} 41...a4 $1 {(MVL)} 42.b4 Nxb4+ $1 ) ( {After:} 41.Rd5 {Black planned:} 41...Re5 {(MVL)} ) ( {On:} 41.Nb5 {Black intended:} 41...Na7 $1 42.Nxd6 ( {But maybe White's best chance now is:} 42.Nd4 $1 {keeping the poor black knight on the board, with good chances for a draw after:} 42...Rce8 43.Bd5 ) 42...Rd8 {"I should manage to exchange some pieces as otherwise my pawns are very weak and I don't have way to activate my kingside pawns." (MVL)} ) 41...Rd8 42.Rxd8+ ( 42.c5 Rxd6 43.cxd6 Re3 $1 {"is forced but good (for Black)."(MVL)} ) 42...Nxd8 {"I thought it is completely OK for me but then I collapsed." (Topalov)} 43.Be4 h5 $1 ( 43...Nb7 44.b4 Nd6 45.Bd5 Re3 46.Kb2 h5 47.gxh5 Rh3 48.c5 ) 44.gxh5 f5 {"I missed everything." (Topalov)} 45.Bxf5 Rf7 46.Bg6 ( 46.Bg4 Rf2+ 47.Ne2 Nf7 $1 {"followed by Nf7-g6 wins." (MVL)} ) 46...Rf2+ 47.Kb1 Rxh2 48.Ne4 g4 49.Kc1 ( {After:} 49.Bf5 {the winning line is:} 49...Rg2 ( {But Vachier-Lagrave admitted that he did not see it during he game and intended to play instead:} 49...Rxh5 50.Bxg4 Rh2 {which however should be a draw with correct play by White.} ) 50.h6 Nf7 51.h7 g3 52.Ng5 Nh8 53.Be4 Rh2 ( {Or} 53...Re2 ) ) 49...Nc6 50.Kd1 Nd4 {The centralization wins.} 51.Ke1 Nxb3 52.Kf1 Nd4 ( {Or:} 52...Nd2+ 53.Nxd2 Rxd2 54.h6 Rh2 55.h7 Kc7 {It is important not to let the set-up c4-c5 with Bh7-e4 happen, as explained by MVL.} ) 53.Ng3 Kc7 54.Be4 Nf3 ( {But not:} 54...Kd6 55.Kg1 Rh3 56.Kf2 Ke5 57.Bg2 Rh4 58.c5 $1 {When:} 58...Nf5 59.c6 Nxg3 $2 60.c7 {(MVL) even loses for Black.} ) 55.c5 ( {After:} 55.Bf5 {The French GM calculated the following win:} 55...Ne5 56.Kg1 Rh4 57.Be6 Nd3 $1 58.Bf5 Rh3 59.Kg2 Nf4+ 60.Kf2 Nxh5 61.Nxh5 Rf3+ $1 {It is important to get rid of the bishop rather than the knight!} ) 55...Nd2+ 56.Kg1 Rh3 57.Kg2 Nxe4 $1 {The last accurate move.} ( {It was not too late to let the win slip away with:} 57...Rxg3+ 58.Kxg3 Nxe4+ 59.Kxg4 Nf6+ 60.Kg5 Nxh5 61.Kxh5 Kc6 62.Kg4 Kxc5 63.Kf3 Kc4 64.Ke2 {when White is in time to sneak into the corner to block the black king.} ) 0-1

[Event "St. Louis Rapid & Blitz GCT"]
[Site "?"]
[Date "2019.08.10"]
[Round "3.5"]
[White "Vachier Lagrave, Maxime"]
[Black "Rapport, Richard"]
[Result "1-0"]
[WhiteElo "2778"]
[BlackElo "2747"]
[EventDate "2019.??.??"]
[Annotator "Bojkov,Dejan"]
[PlyCount "99"]
[Beauty "7013278990938"]
[EventType "blitz"]

1.e4 e6 2.d4 d5 {The French is a rare guest at top events now except for rapid and blitz events, but playing it against a Frenchman himself demonstrates courage!} 3.e5 c5 4.c3 Nc6 5.Nf3 Qb6 6.a3 c4 {This leads to a blocked position where both sides strive to play on the kingside: White, because his pawn structure is better orientated for that, and Black, because the enemy king will castle there.} 7.Nbd2 Na5 8.g3 Bd7 9.h4 O-O-O 10.Bh3 Kb8 ( {A very sharp battle started after:} 10...f5 11.exf6 gxf6 12.O-O Nh6 13.Re1 Nf5 14.Rb1 Bd6 15.Nf1 Rdg8 16.Ne3 Nxg3 17.fxg3 Rxg3+ 18.Bg2 Rhg8 {in Svidler,P (2727)-Fedoseev,V (2659) Berlin 2015} ) 11.O-O h6 12.Re1 Ne7 13.Rb1 Nc8 14.Nf1 {With their next moves, both sides prepare carefully the inevitable clash on the kingside.} 14...Qc7 15.h5 Nb6 16.Be3 Ba4 17.Qe2 Be7 18.N3h2 Qd7 $146 ( 18...Qc8 19.f4 Rdg8 20.Bf2 g5 21.hxg6 Rxg6 22.Kh1 h5 {Afyoncu,O (2112)-Cebelli,O (2130) Konya 2011} ) 19.f4 g6 {Blocking f4-f5 advance and preparing an opening of a file for the rooks.} 20.Bf2 Rdg8 21.Ne3 Nc6 ( {For some reason the computer insists on placing the knight on b3} 21...Nb3 {but there is not much it can do after that. Moreover, it blocks the route of the bishop towards the b1-h7 diagonal.} ) 22.Kh1 Bd8 {To make the knight maneuver to f5 possible when a chance occurs.} 23.hxg6 ( {In case of:} 23.g4 gxh5 24.gxh5 {Black can react with:} 24...Qe8 $5 {highlighting the eventual weakness of the h5 pawn.} ) 23...fxg6 {The beginning of the creativity competition.} ( {More solid is:} 23...Rxg6 {but White is better after:} 24.f5 Rg5 25.f6 {Thanks to his extra space and better coordination, White should prevail on the kingside.} ( {Or} 25.fxe6 fxe6 26.Ng2 {followed by Ng2-f4.} ) ) 24.Qg4 {The pawn on e6 drops, and next the base of the chain collapses, which means a collapse of the entire position. However, Rapport went for:} 24...Qh7 $3 {And Vachier-Lagrave did not take the pawn but decided to sacrifice one himself:} 25.b3 $1 {To open the b-file.} ( {In case of the obvious:} 25.Qxe6 {Rapport would have revealed his idea:} 25...Nxd4 $1 26.cxd4 Bd7 $1 {The whole point behind Qd7-h7 is this ambush. Black regains the piece and has excellent play on the light squares after:} 27.Qd6+ Bc7 28.Qb4 ( {Nothing changes:} 28.Qc5 ) 28...Bxh3 29.Nhg4 Bxg4 30.Nxg4 g5 {In this line we once again see why the queen moves precisely on h7.} ) 25...cxb3 26.Qxe6 Nxd4 27.cxd4 Bd7 {It seems that in comparison to the previous line, White would have an open file, but in reality he wants the b-file for something else.} 28.Qxd7 $3 {Vintage MVL! He sacrifices a whole queen just for two light pieces but gets in return strong pressure along the diagonals and the open and half-open files plus a compact central mass. Now players are afraid to sacrifice material positionally as they know that the computer will mock them. However, the top players know very well how difficult it is to defend when the opponent has a clear idea what to do with the limitation of the clock.} ( {After the obvious:} 28.Qd6+ Bc7 29.Qc5 Bxh3 30.Nxd5 {Black will control the light squares himself with either:} 30...Nxd5 ( {or the simple:} 30...Be6 ) 31.Qxd5 Bc8 ) 28...Nxd7 29.Rxb3 Nb6 30.a4 $1 {The most important task is to open the diagonal for the light-squared bishop.} 30...Nxa4 ( 30...a5 31.Reb1 {is no better for Black.} ) ( {White will also make it to the center pawn after:} 30...Qf7 31.a5 Nc4 32.a6 ( 32.e6 Qe8 33.a6 ) 32...b6 33.e6 Qe8 34.Nxd5 ) 31.Nxd5 {White's plan is clear: put the bishop on the long diagonal, arrange the pieces for an attack on the queenside, and/or advance the central avalanche.} 31...g5 {Black in turn tries to open files for his major pieces.} 32.f5 g4 ( 32...Nb6 33.Ne3 h5 {is similar to the game.} ) 33.Bg2 Nb6 ( {Rapport always has to be aware of the dangers on the long diagonal like this one:} 33...Qxf5 $2 34.Rxb7+ $1 Kxb7 ( {Worse is:} 34...Kc8 35.Rc1+ ) ( {Whereas:} 34...Ka8 35.Nf4 {leaves Black completely helpless against the discovered check threat.} ) 35.Ne7+ Qf3 36.Bxf3+ gxf3 37.Nxg8 Rxg8 38.e6 {with almost a decisive advantage for the first player.} ( {Or the simple:} 38.Nxf3 ) ) 34.Ne3 h5 35.f6 h4 36.Kg1 {To make sure that the light-squared bishop will stay on the long diagonal.} 36...Bc7 ( {As in the line:} 36...h3 37.Bh1 ) ( {Whereas:} 36...hxg3 37.Bxg3 Bc7 38.d5 {only helps White to support his passers.} ) 37.Rc1 ( {No human will grab the computer-suggested pawn:} 37.Nexg4 Qc2 ) 37...Qd7 38.Rd1 hxg3 $2 {Up to here Rapport was playing excellently, but this obvious capture leads him to trouble. Black cannot exploit the h-file, which is not the case with the h2-b8 diagonal for the white bishop.} ( {It made good sense to release the pressure a bit with a counter-sacrifice:} 38...Qe6 $5 39.Rc3 Bxe5 40.dxe5 Qxe5 41.Be1 Qxf6 {when anything is still possible.} ) 39.Bxg3 Rh3 $5 40.Nhf1 {Not a chance!} ( {Apparently Rapport was hoping for:} 40.Bxh3 $6 gxh3 41.Nhf1 h2+ 42.Kxh2 Nd5 {to enjoy attacking himself.} ) 40...Rh5 {Not to save the rook, but to prevent the d4-d5 advance.} ( {White will be able to coordinate after:} 40...Rxg3 41.Nxg3 Rh8 42.Ngf5 ) 41.Rc3 {The strong threats of Rxc7 and e5-e6 cannot be stopped.} 41...Rc8 42.Rdc1 Qxd4 ( {Here the threats are executed perfectly in the line:} 42...Rh7 43.Rxc7 Rxc7 44.Rxc7 Qxc7 45.e6 ) 43.Rxc7 $1 {As Bronstein would have put it, this is what he means when he sacrificed the queen.} 43...Rxc7 44.e6 {A queen, rook and a pawn are helpless against the white powerful light pieces coupled by a pair of raging pawns.} 44...Rc5 ( {Or:} 44...Na8 45.e7 Qd7 46.Rd1 {and White wins.} ) 45.Rxc5 ( {The most accurate way is:} 45.e7 $1 Rxc1 46.e8=Q+ Nc8 47.f7 {when ironically it is White who will have an extra queen on the board on the next move.} ) 45...Qxc5 46.e7 Qh5 47.Nf5 {A slight slip in a brilliant game.} ( 47.Bd5 Nxd5 48.Nxd5 {is the way to wrap up the game.} ) 47...Nc8 ( {Missing the study-like draw after:} 47...Nd7 $3 48.Bxc7+ Kxc7 49.Ng7 Qc5+ 50.Kh1 Nxf6 51.Ne6+ Kd6 52.Nxc5 Kxc5 53.Bxb7 Kd6 ) 48.N1e3 $3 {Stopping all the checks. The pawns are too valuable and should be treated carefully.} ( {But not:} 48.Ng7 Qc5+ 49.Bf2 Qxf2+ 50.Kxf2 Nxe7 {when the pawns are stopped.} ) 48...Qg6 ( {If:} 48...Nxe7 49.fxe7 Kc8 50.Bxc7 Kxc7 51.Nd5+ {would see the e-pawn winning the queen in a jiffy.} ) 49.Nd5 Qxf5 50.Bxc7+ {Sheer beauty!} 1-0